000 00818nai a2200217Ia 4500
003 IN-BaIIA
008 211028c9999 xx s 000 0 eng d
022 _a2469-7303 (Online)
022 _a2469-7311 (Print)
040 _cIIA Library
245 0 _aIEEE Transactions on Radiation and Plasma Medical Sciences
_h[eJournal]
260 _aNew York, USA
_bThe Institute of Electrical and Electronics Engineers, Inc. (IEEE)
310 _aBimonthly
362 _a1(1); 2017 - Present
521 _bSubscribed through National Knowledge Resource Consortium (NKRC)
650 _a Bioengineering
650 _a Engineered Materials, Dielectrics and Plasmas
650 _aNuclear Engineering
_948842
856 _uhttps://ieeexplore.ieee.org/servlet/opac?punumber=7433213
_yClick Here to Access eJournal
942 _cEJ
999 _c34726
_d34726